|
|
|
|
| LEADER |
01021nab a2200205 i 4500 |
| 001 |
tort490 |
| 005 |
20221117095627.0 |
| 008 |
221117s2002 hu o 0|| zxx d |
| 022 |
|
|
|a 0133-0500
|
| 040 |
|
|
|a PEREPO TORTENET
|b hun
|
| 041 |
|
|
|a zxx
|
| 245 |
0 |
0 |
|a Nagy sebességű internet-kapcsolatok
|h [elektronikus dokumentum] :
|b A megyeszékhelyen ősztől számos intézményben növekedhet többszörösére az adatáramlás
|
| 260 |
|
|
|a Zalai Hírlap Kiadói Bt.
|b Zalaegerszeg, Magyarország
|c 2002-09-13
|
| 300 |
|
|
|a 6
|
| 490 |
0 |
|
|a Zalai Hírlap
|v 58 No. 214
|
| 695 |
|
|
|a Budapesti Gazdasági Főiskola Pénzügyi és Számviteli Kar Zalaegerszegi Intézete - BGF PSZK ZI
|
| 695 |
|
|
|a informatika
|
| 695 |
|
|
|a fejlesztés - innováció
|
| 695 |
|
|
|a Nemzeti Információs Infrastruktúra Fejlesztési Iroda
|
| 856 |
4 |
0 |
|u https://perepo-tortenet.uni-pannon.hu/id/eprint/490/1/2002-09-13_zalai_h%C3%ADrlap_Nagy%20sebess%C3%A9g%C5%B1%20internet-kapcsolatok%20%2858.%20%C3%A9vf.%20214.%20sz.%2C%20p.%206.%29.pdf
|z Dokumentum-elérés
|